Βαλκανικές Χώρες - Ξαφνικός Θάνατος - Statistics

General Stats
  • This quiz has been taken 93 times
  • The average score is 9 of 11
Answers on the Grid
Answers color-coded by a green-red scale on the quiz's grid according to % correct below.
Ελλάδα
Τουρκία
Αλβανία
Κύπρος
Ιταλία
Ρουμανία
Βουλγαρία
Σερβία
Γερμανία
Ηνωμένο Βασίλειο
Ισραήλ
Ουκρανία
Ρωσία
Κροατία
Σλοβακία
Βόρεια Μακεδονία
Βοσνία και Ερζεγοβίνη
Ισπανία
Πορτογαλία
Αίγυπτος
Βραζιλία
Κόσοβο
Μαυροβούνιο
 
Answer Stats
Answer % Correct
Ελλάδα
94%
Αλβανία
91%
Μαυροβούνιο
89%
Βουλγαρία
84%
Βόρεια Μακεδονία
84%
Βοσνία και Ερζεγοβίνη
84%
Ρουμανία
83%
Σερβία
83%
Κόσοβο
81%
Κροατία
78%
Τουρκία
47%
No matching quizzes found
Score Distribution
Percent of People with Each Score
Percentile by Number Answered
Your Score History
You have not taken this quiz